Statistics for Women by Country

Click here to take the quiz!

General Stats

  • This quiz has been taken 397 times
  • The average score is 15 of 25

Answer Stats

Birth YearNameCountry of Birth% Correct
1895Xiang JingyuChina
94%
1917Indira GandhiIndia
93%
1867Marie Skłodowska CuriePoland
92%
1965J.K. RowlingUnited Kingdom
91%
1822Harriet TubmanUnited States
88%
2003Greta ThunbergSweden
86%
1919Eva PerónArgentina
84%
1997Naomi OsakaJapan
84%
1955Donatella VersaceItaly
78%
1973Heidi KlumGermany
77%
1988RihannaBarbados
75%
1945Aung San Suu KyiMyanmar
66%
1969Cate BlanchettAustralia
65%
1997Malala YousafzaiPakistan
63%
1980Jacinda ArdernNew Zealand
57%
1881Elizabeth ArdenCanada
53%
1933Corazon AquinoPhilippines
52%
1910Mother TeresaNorth Macedonia
47%
1977Chimamanda Ngozi AdichieNigeria
42%
1932Miriam MakebaSouth Africa
40%
1898Golda MeirUkraine
26%
1951Michelle BacheletChile
24%
1937Madeleine AlbrightCzechia
24%
1938Ellen Johnson SirleafLiberia
22%
1993Nadia MuradIraq
21%

Score Distribution

Percentile by Number Answered

Percent of People with Each Score

Your Score History

You have not taken this quiz